|
|
|
|
| LEADER |
00000nam a22000007i 4500 |
| 001 |
IT\ICCU\UBO\4067242 |
| 003 |
ItRI |
| 005 |
20260115232204.0 |
| 008 |
140325s2013 it |||||| ||||| |||||c |
| 020 |
|
|
|a 9788897217190
|
| 040 |
|
|
|b ita
|c importazione bologna sebina
|
| 041 |
|
7 |
|a ita
|2 ISO-639-2
|
| 100 |
1 |
|
|a Liberatore, Carla
|0 IT\ICCU\UBOV\938044
|
| 245 |
1 |
0 |
|a Besame mucho /
|c Carla Liberatore.
|
| 260 |
|
|
|a Roma :
|b Teke,
|c 2013
|
| 300 |
|
|
|a 87 p. ;
|c 20 cm
|
| 942 |
|
|
|2 ddc
|c BK
|n 0
|
| 952 |
|
|
|0 0
|1 0
|4 0
|6 L_853_920000000000000_LIB
|7 0
|9 21630
|a BO
|b BO
|d 2026-01-15
|i 17437
|l 0
|o L 853.92 LIB
|p BO17437
|r 2026-01-15 23:22:04
|w 2026-01-15
|x [Sebina 5] [1 v.]
|y BK
|z 1 v.
|
| 999 |
|
|
|c 18474
|d 18474
|